|
|
|
|
| LEADER |
01476nam a22003374a 4500 |
| 001 |
36306 |
| 003 |
BD-DhAAL |
| 005 |
20211206115938.0 |
| 008 |
200216t2004 deua bf 001 0 eng d |
| 999 |
|
|
|c 42216
|d 42216
|
| 010 |
|
|
|a 2004013771
|
| 020 |
|
|
|a 0872075575
|
| 020 |
|
|
|a 9780872075573
|
| 040 |
|
|
|a DLC
|c DLC
|d DLC
|d BD-DhAAL
|
| 042 |
|
|
|a pcc
|
| 050 |
0 |
0 |
|a LB1590.3
|b .Z95 2004
|
| 082 |
0 |
0 |
|a 370.152
|2 22
|
| 100 |
1 |
|
|a Zwiers, Jeff.
|9 39290
|
| 245 |
1 |
0 |
|a Developing academic thinking skills in grades 6-12 :
|b a handbook of multiple intelligence activities /
|c Jeff Zwiers.
|
| 260 |
|
|
|a Newark, DE :
|b International Reading Association,
|c c2004.
|
| 300 |
|
|
|a xii, 260 pages :
|b illustrations ;
|c 28 cm.
|
| 504 |
|
|
|a Includes bibliographical references (pages 251-254) and index.
|
| 526 |
|
|
|a BIED
|
| 541 |
|
|
|a Complimentary copy from BIED
|e 36306
|
| 650 |
|
0 |
|a Thought and thinking
|x Study and teaching (Elementary)
|x Activity programs
|v Handbooks, manuals, etc.
|9 39291
|
| 650 |
|
0 |
|a Thought and thinking
|x Study and teaching (Secondary)
|x Activity programs
|v Handbooks, manuals, etc.
|9 39292
|
| 650 |
|
0 |
|a Cognitive learning.
|9 39293
|
| 650 |
|
0 |
|a Multiple intelligences.
|9 39294
|
| 852 |
|
|
|a Ayesha Abed Library
|c BIED Collection
|
| 942 |
|
|
|2 ddc
|c BK
|
| 952 |
|
|
|0 0
|1 0
|2 ddc
|4 0
|6 370_152000000000000_ZWI
|7 0
|9 67970
|a BRACUL
|b BRACUL
|c GEN
|d 2020-02-16
|e Complimentary copy from BIED
|l 0
|o 370.152 ZWI
|p 3010036306
|r 2020-02-16
|t 1
|w 2020-02-16
|y BK
|x Transferred from BIED to General Stacks
|